ბათუმის შოთა რუსთაველის სახელმწიფო უნივერსიტეტის ბიბლიოთეკა

Armenian - Georgian relations : (ბიბ.ჩანაწერი № 53498)

000 -ლიდერი
ფიქსირებული სიგრძის საკონტროლო ველი 01240nam a2200265Ia 4500
001 - საკონტროლო ნომერი
საკონტროლო ველი 20544
003 - საკონტროლო ნომრის იდენტიფიკატორი
საკონტროლო ველი GE_BSU
005 - ბოლო ოპერაციის თარიღი და დრო
საკონტროლო ველი 20210204123605.0
008 - ფიქსირებული სიგრძის მონაცემთა ელემენტები - ზოგადი ინფორმაცია
ფიქსირებული სიგრძის საკონტროლო ველი 181216s2014||||ge |||||||||||||| ||geo||
020 ## - წიგნის საერთაშორისო სტანდარტული ნომერი
International Standard Book Number 9789939100517
040 ## - კატალოგიზაციის წყარო
Transcribing agency GE_BSU
041 ## - ენის კოდი
Language code of text/sound track or separate title geo
080 ## - უნივერსალური ათობითი კლასიფიკაციის ინდექსი
Universal Decimal Classification number 327(479.22:479.25) A-75
245 ## - ცნობა სათაურის შესახებ
Title Armenian - Georgian relations :
Remainder of title challenges and opportunities for the bilateral cooperation.
264 ## - წარმოების, გამოცემის, დისტრიბუციის და სხვა ცნობები
გამოცემის, წარმოების, დისტრიბუციის... ადგილი Yerevan :
გამოცემის, წარმოების, დისტრიბუციის... სახელწოდება Political science association of Armenia,
გამოცემის, წარმოების, დისტრიბუციის... თარიღი 2014.
300 ## - ფიზიკური აღწერა
Extent 112 p. ;
Dimensions 20 cm.
490 ## - სერიის ცნობა
Series statement Political science association of Armenia, Center for social sciences.
504 ## - BIBLIOGRAPHY, ETC. NOTE
Bibliography, etc ბიბლიოგრ. ტექსტის შენიშვნებში
546 ## - LANGUAGE NOTE
Language note თავფურცელი და თავფურცლის მე–2 გვ. სომხურ ენაზე
653 ## - INDEX TERM--UNCONTROLLED
Uncontrolled term Armenian - Georgian relations
653 ## - INDEX TERM--UNCONTROLLED
Uncontrolled term challenges and opportunities for the bilateral cooperation
653 ## - INDEX TERM--UNCONTROLLED
Uncontrolled term საქართველო–სომხეთის საგარეო ურთიერთობები
653 ## - INDEX TERM--UNCONTROLLED
Uncontrolled term სომხეთ–საქართველოს საგარეო ურთიერთობები
942 ## - ADDED ENTRY ELEMENTS (KOHA)
Koha item type წიგნი
Source of classification or shelving scheme
ეგზემპლარები
ჩამოწერის სტატუსი დაკარგული ეგზემპლარის სტატუსი კლასიფიკაციის წყარო ან თაროზე გაწყობის სქემა დაზიანების სტატუსი არ გაიცემა მუდმივი მდებარეობა (დაცვის ადგილი) ამჟამინდელი ადგილსამყოფელი თაროზე განთავსების ადგილი შეძენის თარიღი სრული შენახვის შიფრი შტრიხკოდი ბოლო ოპერაციის თარიღი ეგზემპლარის მიმდევრობითი ნომერი (კეტერი?) ფასის ძალაში შესვლის თარიღი ეგზემპლარის სახეობა
          ბათუმის შოთა რუსთაველის სახელმწიფო უნივერსიტეტის მთავარი ბიბლიოთეკა ბათუმის შოთა რუსთაველის სახელმწიფო უნივერსიტეტის მთავარი ბიბლიოთეკა წიგნსაცავი 2018-12-17 327(479.22:479.25) A-75 53568 2018-12-17 53568 2018-12-17 წიგნი